000 00533nam a2200217Ia 4500
001 13561
003 GE_BSU
008 181216s||||||||xx |||||||||||||| ||und||
020 _a9993180300
040 _cGE_BSU
080 _a821.111-3
100 _aTravis,William.
245 _aBeyond the reefs & Shark for sale.
245 _bAdventures in the Seychelles.
260 _aLondon.
260 _bCalusa bay publications.
260 _c1961
300 _a384p;18cm.
653 _aBeyond the reefs & Shark for sale.
942 _cBK
999 _c46717
_d46717